Statistics for Cities by Latitude Longitude Coordinates

Click here to take the quiz!

General Stats

  • This quiz has been taken 4,096 times
  • The average score is 11 of 20

Answer Stats

Latitude Longitude City % Correct
51.5 °N0.1 °WLondon
97%
48.9 °N2.4 °EParis
93%
40.7 °N74.0 °WNew York City
85%
55.8 °N37.6 °EMoscow
82%
40.4 °N3.7 °WMadrid
77%
30.0 °N31.2 °ECairo
70%
22.9 °S43.2 °WRio de Janeiro
65%
38.0 °N23.7 °EAthens
54%
33.9 °S18.4 °ECape Town
51%
1.3 °N103.8 °ESingapore
49%
35.7 °N51.4 °ETehran
47%
22.3 °N114.2 °EHong Kong
44%
36.8 °S174.7 °EAuckland
44%
1.7 °S36.8 °ENairobi
43%
3.1 °N101.7 °EKuala Lumpur
43%
32.0 °S115.9 °EPerth
40%
21.3 °N157.8 °WHonolulu
38%
61.2 °N149.9 °WAnchorage
33%
9.0 °N79.5 °WPanama City
23%
6.9 °N79.8 °EColombo
21%

Score Distribution

Percentile by Number Answered

Percent of People with Each Score

Your Score History

You have not taken this quiz